Jugadores Irlanda (Norte) - Estadísticas

Estadísticas generales
  • Esta prueba ha sido intentada 6 veces
  • La puntuación promedio es 6 de 20
Estadísticas de respuestas
Imagen Respuesta % Correcto
Doherty
83%
Evans
83%
Ferguson
83%
Kelleher
83%
Bradley
67%
Coleman
67%
Bazunu
33%
Collins
17%
Hume
17%
Ogbene
17%
Szmodics
17%
Azaz
0%
Ballard
0%
Charles
0%
Cullen
0%
Mcnair
0%
Norwood
0%
O'Brien
0%
O'Shea
0%
Saville
0%
No se encontraron pruebas coincidentes
Distribución de puntuación
Porcentaje de gente con cada puntuación
Porcentaje por número respondido
Historial de tus puntuaciones
No has intentado esta prueba.